书目信息 |
| 题名: |
商标及专利纠纷案代理纪实
|
|
| 作者: | 朱妙春 著 | |
| 分册: | ||
| 出版信息: | 北京 知识产权出版社 2003 |
|
| 页数: | 437页 | |
| 开本: | 20cm | |
| 丛书名: | 中国名律师办案实录 | |
| 单 册: | ||
| 中图分类: | D923.405 | |
| 科图分类: | ||
| 主题词: | 商标法--案例--中国 , 专利权法--案例--中国 | |
| 电子资源: | ||
| ISBN: | 7-80011-835-5 | |
| 000 | 00723nam2 2200229 45 | |
| 001 | 0412011607 | |
| 005 | 20041201162331.0 | |
| 010 | @a7-80011-835-5@dCNY28.00 | |
| 100 | @a20041201d2003 km y0chiy0120 ea | |
| 101 | 0 | @achi |
| 105 | @aa z 000yy | |
| 200 | 1 | @a商标及专利纠纷案代理纪实@AShang Biao Ji Zhuan Li Jiu Fen An Dai Li Ji Shi@f朱妙春著@FZhu Miao Chun Zhu |
| 210 | @a北京@c知识产权出版社@d2003 | |
| 215 | @a437页@c照片@d20cm | |
| 225 | @a中国名律师办案实录@h3@i朱妙春律师办案辑 | |
| 410 | @12001 @a中国名律师办案实录 | |
| 606 | 0 | @a商标法@x案例@y中国 |
| 606 | 0 | @a专利权法@x案例@y中国 |
| 690 | @aD923.405@v4 | |
| 701 | @a朱妙春@4著 | |
| 801 | @aCN@bTSTCL@c20041201 | |
| 905 | @b336527-528@dD923.405@e343@f2 | |
| 商标及专利纠纷案代理纪实/朱妙春著.-北京:知识产权出版社,2003 |
| 437页:照片;20cm.-(中国名律师办案实录.3.朱妙春律师办案辑) |
| ISBN 7-80011-835-5:CNY28.00 |
| ● |
| 相关链接 |
|
|
|
|
正题名:商标及专利纠纷案代理纪实
索取号:D923.405/343
 
预约/预借
| 序号 | 登录号 | 条形码 | 馆藏地/架位号 | 状态 | 备注 |
| 1 | 0336527 | 203365278 | 第一借阅区/ [索取号:D923.405/343] | 在馆 | |
| 2 | 0336528 | 203365287 | 第一样本阅览室/ [索取号:D923.405/343] | 在馆 |